| 000 | 00391 a2200157 4500 | ||
|---|---|---|---|
| 020 | _a9695460003 | ||
| 082 | _a620.11 | ||
| 090 |
_c5947 _d5947 |
||
| 100 | _aRizwan,Syed Ali. | ||
| 245 |
_aTheory of Indeterminate Structures. _cSyed Ali Rizwan. |
||
| 250 | _a2nd | ||
| 260 |
_aLahore _bA-One Publishers. _c2003. |
||
| 300 | _a457p. | ||
| 500 | _aHardcover. | ||
| 942 |
_aNBS _cBK _k620.11 RIZ |
||
| 999 |
_c348338 _d348338 |
||